ECONOMICS (Record no. 65467)
[ view plain ]
| 000 -LEADER | |
|---|---|
| fixed length control field | 00308nam a22001457a 4500 |
| 008 - FIXED-LENGTH DATA ELEMENTS--GENERAL INFORMATION | |
| fixed length control field | 250426b |||||||| |||| 00| 0 eng d |
| 020 ## - ISBN | |
| International Standard Book Number | 9789389538038 |
| 040 ## - CATALOGING SOURCE | |
| Original cataloging agency | IIMT University College of Law |
| 100 ## - MAIN ENTRY--PERSONAL NAME | |
| Personal name | SAMUELSON, P.A |
| 245 ## - TITLE STATEMENT | |
| Title | ECONOMICS |
| 260 ## - PUBLICATION, DISTRIBUTION, ETC. (IMPRINT) | |
| Place of publication, distribution, etc | MC GRAW HILL |
| 300 ## - PHYSICAL DESCRIPTION | |
| Pages | 945 |
| 650 ## - Subject | |
| Subject | ECONOMICS |
| 942 ## - ADDED ENTRY ELEMENTS (KOHA) | |
| Koha item type | Reference Book |
| 952 ## - LOCATION AND ITEM INFORMATION (KOHA) | |
| -- | 2025-04-26 |
| 952 ## - LOCATION AND ITEM INFORMATION (KOHA) | |
| -- | 2025-04-26 |
| Withdrawn status | Lost status | Source of classification or shelving scheme | Damaged status | Not for loan | Location (home branch) | Sublocation or collection (holding branch) | Date acquired | Source of Acquisition | Cost Normal purchase price | Koha issues (times borrowed) | Accession No. | Koha date last seen | Koha item type |
|---|---|---|---|---|---|---|---|---|---|---|---|---|---|
| IIMT University College of Law | IIMT University College of Law | 04/26/2025 | SAVERA BOOK DISTRIBUTIORS | 999.00 | 04-B-11850 | 04/26/2025 | Reference Book | ||||||
| IIMT University College of Law | IIMT University College of Law | 04/26/2025 | SAVERA BOOK DISTRIBUTIORS | 999.00 | 04-B-11851 | 04/26/2025 | Reference Book |

